000
00264nam a2200109Ia 4500
008
220216s9999 xx 000 0 und d
100
_a
Kumaran M G
245
0
_a
Latex clarifier A boon to processors
260
_b
Rubber Asia
_c
1990
300
_a
47-49
942
_c
JS
999
_c
61994
_d
61994